02819nam a2200157 a 450000100080000000500110000800800410001910000230006024501830008326000300026630000100029652022870030665300170259365300280261065300230263811367542026-04-10 2026 bl uuuu t 00u1 u #d1 aSCHEUERMANN, K. K. aAmplia????o da base de dados de genes de resist??ncia ?? brusone do arroz, e identifica????o das combina????es g??nicas com maior espectro de resist??ncia.h[electronic resource] aItaja??, SC: Epagric2026 a36 p. aA principal doen??a da cultura do arroz ?? a brusone, causada pelo fungo Pyricularia oryzae, que provoca perdas significativas de produtividade e qualidade dos gr??os. O controle mais eficaz e econ??mico da doen??a ?? por meio de resist??ncia gen??tica. Entretanto, a resist??ncia tem sido superada devido ?? elevada variabilidade gen??tica do pat??geno. O objetivo deste projeto foi prospectar o banco de germoplasma de arroz (BAG) da Epagri para os genes de resist??ncia ?? brusone Pi2, Pi40, Pi54, Pita2 e Pik-m, e desenvolver linhagens contendo combina????es destes genes aos pares, e avaliar o espectro de resist??ncia destas linhagens contra uma popula????o de isolados de P. oryzae. Foi realizada a prospec????o de 517 acessos do BAG, utilizando marcadores moleculares espec??ficos para os genes em estudo, o que mostrou que 9,5% dos materiais foram positivos para o gene Pi2, 12,4% para Pi40, 42,2% para Pi54, 12% para Pita2 e 26,5% para o gene Pik-m. Foram selecionados nove germoplasmas, os quais apresentaram preferencialmente somente um dos genes em estudo para a realiza????o dos cruzamentos. Nas safras 2022/23 e 2023/24 foram realizados 40 cruzamentos, o que permitiu a obten????o de todas as combina????es g??nicas previstas at?? a gera????o F3 e nove combina????es at?? a gera????o F4, ficando em atraso apenas a combina????o Pi40/Pi54. Quatro linhagens de cada combina????o g??nica da gera????o F4 foram submetidas aos testes de patogenicidade utilizando-se nove isolados do fungo. Verificou-se que para a grande maioria dos isolados inoculados, pelo menos um dos genitores foi resistente, de modo que n??o foi poss??vel demonstrar o efeito aditivo das combina????es g??nicas obtidas sobre o espectro da resist??ncia. Neste sentido, um maior n??mero de inocula????es ser?? realizado a fim de comprovar este ganho de resist??ncia. Da mesma forma, cruzamentos visando reunir um maior n??mero de genes de resist??ncia em uma mesma linhagem de arroz ser??o realizados, pois a prospec????o do banco de germoplasma mostrou que cultivares como o SCS 125 j?? possuem naturalmente pelo menos quatro genes de resist??ncia a brusone, o que sugere a necessidade do agrupamento de um maior n??mero de genes de resist??ncia para a obten????o de resist??ncia dur??vel ?? doen??a. aOryza sativa aPiramidiza????o g??nica aPyricularia oryzae